| 000 | 01107nam a2200289 a 4500 | ||
|---|---|---|---|
| 001 | 000020494 | ||
| 005 | 20200930011123.0 | ||
| 008 | 101216s1995 sp 001 0 spa d | ||
| 020 | _a8436808800 (Piramide) | ||
| 020 | _a8486168953 (F.G.S.R.) | ||
| 040 |
_aDO-SdBNP _bspa _cBNPHU |
||
| 082 |
_axxxx _bA767i |
||
| 100 | 1 |
_aArntz, Rainer _943182 |
|
| 245 | 1 | 3 |
_aIntroducción a la terminología / _cReiner Arntz, Heribert Picht ; traducción del alemán Amelia de Irazazábal, María José Jiménez, Erika Schwarz, Susana Yunquera. |
| 260 |
_aMadrid : _bFundación Germán Sánchez Ruipérez, _bEdiciones Pirámide, _c1995. |
||
| 300 |
_a382 p. ; _c22 cm. |
||
| 490 | 0 |
_aBiblioteca del Libro _v64 |
|
| 504 | _aBibliografía p: 343-371 | ||
| 500 | _aIncluye índice analítico | ||
| 500 | _aIncluye notas a pie de páginas | ||
| 700 | 1 |
_aPicht, Heribert _943183 |
|
| 700 | 1 |
_aIrazazábal, Amelia de _etrad. _943184 |
|
| 700 | 1 |
_aJiménez, María José _etrad. _943185 |
|
| 700 | 1 |
_aSchwarz, Erika _etrad. _943186 |
|
| 700 | 1 |
_aYunquera, Susana _etrad. _943187 |
|
| 830 | 0 |
_aBiblioteca del Libro _n64 _943188 |
|
| 999 |
_c19998 _d19998 |
||